000 00616cab a2200193 4500
001 WB2841-64
008 090401t1992 xxu||||| |||| 00| 0 eng d
035 _a(Sirsi) u43895
041 _aeng
245 _aProperty adviwory group appointed for a further term of two years
260 _c1992
350 _a0
490 _aDoE News Release
_v(6670 10 October 1992, (3)
520 _aThe Property Advisory Group has been reappointed for a further two years. Gives details of PAG membership.
650 _aPROPERTY ADVISORY GROUP
690 _aPROPERTY-COMMERCIAL PROPERTY
942 _n0
948 _c04/03/1997
999 _c27980
_d27980